The church in thy house / (Record no. 31275)
[ view plain ]
| 000 -LEADER | |
|---|---|
| fixed length control field | 00561nam a2200157 4500 |
| 008 - FIXED-LENGTH DATA ELEMENTS--GENERAL INFORMATION | |
| fixed length control field | 080718s1982 ph ab b 00010 eng d |
| 090 ## - LOCALLY ASSIGNED LC-TYPE CALL NUMBER (OCLC); LOCAL CALL NUMBER (OCLC) | |
| Classification number (OCLC) (R) ; Classification number, CALL (RLIN) (NR) | BV601.85 |
| Local cutter number (OCLC) ; Book number/undivided call number, CALL (RLIN) | C27c |
| 100 1# - MAIN ENTRY--PERSONAL NAME | |
| Personal name | Castillo, Metosalem Q. |
| 245 14 - TITLE STATEMENT | |
| Title | The church in thy house / |
| Statement of responsibility, etc | Metosalem Q. Castillo. |
| 260 ## - PUBLICATION, DISTRIBUTION, ETC. (IMPRINT) | |
| Place of publication, distribution, etc | Makati, Metro Manila, Philippines : |
| Name of publisher, distributor, etc | Alliance Publishers, |
| Date of publication, distribution, etc | c1982. |
| 300 ## - PHYSICAL DESCRIPTION | |
| Extent | 116, [11] p. : |
| Other physical details | ill., map ; |
| Dimensions | 20 cm. |
| 504 ## - BIBLIOGRAPHY, ETC. NOTE | |
| Bibliography, etc | Bibliography: p. [120]-[127] |
| 650 #4 - SUBJECT ADDED ENTRY--TOPICAL TERM | |
| Topical term or geographic name as entry element | House churches. |
| 951 ## - EQUIVALENCE OR CROSS-REFERENCE-GEOGRAPHIC NAME/AREA NAME [OBSOLETE] [CAN/MARC only] | |
| General subdivision | 00017287 |
| 951 ## - EQUIVALENCE OR CROSS-REFERENCE-GEOGRAPHIC NAME/AREA NAME [OBSOLETE] [CAN/MARC only] | |
| -- | 8320 |
| -- | FILBV601.85/C27c |
| -- | 080425140710984 |
| -- | 2000-12-21 |
| -- | FIL |
| Withdrawn status | Lost status | Damaged status | Not for loan | Home library | Current library | Shelving location | Date acquired | Accession number | Shelving control number | Total Checkouts | Full call number | Barcode | Date last seen | Price effective from | Koha item type |
|---|---|---|---|---|---|---|---|---|---|---|---|---|---|---|---|
| BSOP Library | BSOP Library | Filipiniana | 12/21/2000 | 8320 | 127 | FILBV601.85/C27c | 00017287 | 02/23/2013 | 02/23/2013 | Books |
